| 000 | 00477nam a2200157Ia 4500 | ||
|---|---|---|---|
| 008 | 210719s1981 xx 000 0 und d | ||
| 041 | _aeng | ||
| 082 | _a591.33 SINH | ||
| 100 | _aSINGH (Inderbir) | ||
| 245 | _aIntroduction to human embryology for medical students Ed 3 | ||
| 260 |
_aDelhi _bMacmillan & Co. Ltd. _c1981 |
||
| 300 |
_a414 _bPB |
||
| 650 | _aEmbryology | ||
| 650 | _aZoology | ||
| 906 | _a3 ; Ed ; embryology ; for ; human ; Introduction ; medical ; students | ||
| 999 |
_c216075 _d216075 |
||